[Event "Test Tournament"]
[Site "Emanuel Lasker Arena"]
[Date "2024.04.09"]
[Round "1"]
[White "Botany"]
[Black "Kalinda"]
[Result "1-0"]
[WhiteElo "1553"]
[BlackElo "2102"]
[Annotator "RC"]
[PlyCount "41"]
[EventDate "2024.04.09"]
[EventType "swiss (blitz)"]

1. e4 {[%emt 0:00:01]} Nf6 {[%emt 0:00:01]} 2. e5 {[%emt 0:00:01]} Nd5 {[%emt 0:00:01]} 3. d4 {[%emt 0:00:02]} d6 {[%emt 0:00:01]} 4. Nf3 {[%emt 0:00:01]} dxe5 {[%emt 0:00:01]} 5. Nxe5 {[%emt 0:00:02]} Bf5 {[%emt 0:00:01]} 6. Bc4 {[%emt 0:00:01]} c6 {[%emt 0:00:02]} 7. Qh5 {[%emt 0:00:03]} g6 {[%emt 0:00:02]} 8. Nxf7 {[%emt 0:00:23]} Qa5+ {[%emt 0:00:04]} 9. Bd2 {[%emt 0:00:02]} gxh5 {[%emt 0:00:01]} 10. Bxa5 {[%emt 0:00:01]} Kxf7 {[%emt 0:00:01]} 11. a4 {[%emt 0:00:02]} e5 {[%emt 0:00:04]} 12. dxe5 {[%emt 0:00:02]} Rg8 {[%emt 0:00:03]} 13. O-O {[%emt 0:00:02]} Bc5 {[%emt 0:00:03]} 14. Bc7 {[%emt 0:00:01]} Bxc2 {[%emt 0:00:03]} 15. Nd2 {[%emt 0:00:01]} Rg4 {[%emt 0:00:03]} 16. Rfc1 {[%emt 0:00:01]} Rxc4 {[%emt 0:00:01]} 17. Nxc4 {[%emt 0:00:01]} Na6 {[%emt 0:00:03]} 18. Rxc2 {[%emt 0:00:01]} Naxc7 {[%emt 0:00:01]} 19. a5 {[%emt 0:00:01]} Rd8 {[%emt 0:00:03]} 20. e6+ {[%emt 0:00:02]} Nxe6 {[%emt 0:00:02]} 21. a6 {[%emt 0:00:01] Time ' (Lag: Av=0.06s, max=0.2s)} 1-0

[Event "Test Tournament"]
[Site "Emanuel Lasker Arena"]
[Date "2024.04.02"]
[Round "2"]
[White "Thomas Kydd"]
[Black "Leuwe"]
[Result "1-0"]
[WhiteElo "2473"]
[BlackElo "2251"]
[Annotator "RC"]
[PlyCount "117"]
[EventDate "2024.04.02"]
[EventType "swiss (blitz)"]

1. e4 {[%emt 0:00:01]} c5 {[%emt 0:00:01]} 2. Nf3 {[%emt 0:00:01]} d6 {[%emt 0:00:01]} 3. d4 {[%emt 0:00:01]} cxd4 {[%emt 0:00:01]} 4. Nxd4 {[%emt 0:00:01]} Nf6 {[%emt 0:00:01]} 5. Nc3 {[%emt 0:00:01]} g6 {[%emt 0:00:01]} 6. Be3 {[%emt 0:00:01]} Bg7 {[%emt 0:00:01]} 7. f3 {[%emt 0:00:01]} O-O {[%emt 0:00:01]} 8. Qd2 {[%emt 0:00:01]} Nc6 {[%emt 0:00:01]} 9. O-O-O {[%emt 0:00:01]} d5 {[%emt 0:00:01]} 10. Qe1 {[%emt 0:00:01]} e5 {[%emt 0:00:01]} 11. Nxc6 {[%emt 0:00:01]} bxc6 {[%emt 0:00:01]} 12. Na4 {[%emt 0:00:01]} Re8 {[%emt 0:00:01]} 13. Bc4 {[%emt 0:00:01]} Be6 {[%emt 0:00:01]} 14. h4 {[%emt 0:00:02]} Qc7 {[%emt 0:00:04]} 15. g4 {[%emt 0:00:01]} dxc4 {[%emt 0:00:01]} 16. h5 {[%emt 0:00:02]} gxh5 {[%emt 0:00:00]} 17. g5 {[%emt 0:00:01]} Nd7 {[%emt 0:00:01]} 18. Qh4 {[%emt 0:00:01]} Nb6 {[%emt 0:00:01]} 19. Nc5 {[%emt 0:00:01]} c3 {[%emt 0:00:06]} 20. b3 {[%emt 0:00:01]} Nc4 {[%emt 0:00:01]} 21. bxc4 {[%emt 0:00:01]} Qb6 {[%emt 0:00:01]} 22. Rd6 {[%emt 0:00:01]} Qb2+ {[%emt 0:00:01]} 23. Kd1 {[%emt 0:00:01]} Red8 {[%emt 0:00:02]} 24. Rd3 {[%emt 0:00:02]} Rxd3+ {[%emt 0:00:01]} 25. Nxd3 {[%emt 0:00:01]} Qb1+ {[%emt 0:00:01]} 26. Bc1 {[%emt 0:00:01]} Qxa2 {[%emt 0:00:01]} 27. Qxh5 {[%emt 0:00:01]} Kf8 {[%emt 0:00:03]} 28. Qxh7 {[%emt 0:00:01]} Bxc4 {[%emt 0:00:01]} 29. g6 {[%emt 0:00:02]} Bxd3 {[%emt 0:00:01]} 30. cxd3 {[%emt 0:00:00]} Rd8 {[%emt 0:00:02]} 31. Bh6 {[%emt 0:00:01]} Rxd3+ {[%emt 0:00:01]} 32. Ke1 {[%emt 0:00:01]} Bxh6 {[%emt 0:00:00]} 33. Qxh6+ {[%emt 0:00:00]} Ke7 {[%emt 0:00:01]} 34. g7 {[%emt 0:00:01]} Qg2 {[%emt 0:00:01]} 35. g8=N+ {[%emt 0:00:01]} Qxg8 {[%emt 0:00:01]} 36. Ke2 {[%emt 0:00:01]} Rd2+ {[%emt 0:00:01]} 37. Ke3 {[%emt 0:00:01]} Qg6 {[%emt 0:00:01]} 38. Qh4+ {[%emt 0:00:01]} Qf6 {[%emt 0:00:01]} 39. Qxf6+ {[%emt 0:00:01]} Kxf6 {[%emt 0:00:00]} 40. Rh6+ {[%emt 0:00:01]} Kg5 {[%emt 0:00:01]} 41. Rxc6 {[%emt 0:00:00]} Rc2 {[%emt 0:00:01]} 42. Rc7 {[%emt 0:00:02]} a5 {[%emt 0:00:01]} 43. Kd3 {[%emt 0:00:01]} Ra2 {[%emt 0:00:01]} 44. Kxc3 {[%emt 0:00:01]} Ra3+ {[%emt 0:00:01]} 45. Kc4 {[%emt 0:00:01]} Rxf3 {[%emt 0:00:00]} 46. Kb5 {[%emt 0:00:01]} Kf4 {[%emt 0:00:01]} 47. Rxf7+ {[%emt 0:00:01]} Kxe4 {[%emt 0:00:00]} 48. Rg7 {[%emt 0:00:02]} Ra3 {[%emt 0:00:01]} 49. Rd7 {[%emt 0:00:01]} a4 {[%emt 0:00:01]} 50. Kb4 {[%emt 0:00:01]} Ra1 {[%emt 0:00:01]} 51. Ra7 {[%emt 0:00:01]} a3 {[%emt 0:00:01]} 52. Ra8 {[%emt 0:00:01]} Rb1+ {[%emt 0:00:01]} 53. Kc4 {[%emt 0:00:01]} Ra1 {[%emt 0:00:01]} 54. Kb3 {[%emt 0:00:01]} Ke3 {[%emt 0:00:01]} 55. Re8 {[%emt 0:00:01]} Kd4 {[%emt 0:00:01]} 56. Ra8 {[%emt 0:00:01]} e4 {[%emt 0:00:01]} 57. Re8 {[%emt 0:00:01]} Ke3 {[%emt 0:00:01]} 58. Ra8 {[%emt 0:00:01]} Kf3 {[%emt 0:00:01]} 59. Re8 {[%emt 0:00:01]} 1-0

[Event "Test Tournament"]
[Site "Emanuel Lasker Arena"]
[Date "2024.04.09"]
[Round "2"]
[White "Thomas Kydd"]
[Black "Local Hero"]
[Result "1-0"]
[WhiteElo "2405"]
[BlackElo "1983"]
[Annotator "TA"]
[PlyCount "71"]
[EventDate "2024.04.09"]
[EventType "swiss (blitz)"]
[TimeControl "60"]

{[%evp 15,70,31,34,36,29,37,46,10,33,38,31,-52,37,30,45,41,47,43,90,62,69,64,72,116,251,120,133,110,389,175,233,185,441,439,435,441,439,437,609,477,494,446,457,470,29994,1406,2646,2407,29999,29986,29994,29995,29995,29996,29998,29999,29999]} 1. e4 {[%emt 0:00:01]} e5 {[%emt 0:00:01]} 2. Nf3 {[%emt 0:00:01]} Nc6 {[%emt 0:00:01]} 3. Bb5 {[%emt 0:00:01]} a6 {[%emt 0:00:01]} 4. Ba4 {[%emt 0:00:01]} d6 {[%emt 0:00:01]} 5. c3 {[%emt 0:00:01]} Bd7 {[%emt 0:00:01]} 6. O-O {[%emt 0:00:01]} g6 {[%emt 0:00:01]} 7. d4 {[%emt 0:00:01][%cal Bd2d4,Bd4d5][%mdl 32]} Bg7 {[%emt 0:00:01]} 8. Re1 {[%emt 0:00:01]} Nf6 {[%emt 0:00:01]} 9. d5 {[%emt 0:00:01]} Ne7 {[%emt 0:00:01]} 10. Bxd7+ {[%emt 0:00:01]} Nxd7 {[%emt 0:00:01]} 11. Be3 {[%emt 0:00:01] White is slightly better.} h6 {[%emt 0:00:01]} 12. Nfd2 {[%emt 0:00:00]} f5 {[%emt 0:00:01] White must now prevent ...f4.} 13. exf5 {[%emt 0:00:01]} ({White should play} 13. f3 $1 $14) 13... Nxf5 {[%emt 0:00:01]} ({Black should try} 13... gxf5 $15 14. Qh5+ Kf8) 14. c4 {[%emt 0:00:02]} Qh4 {[%emt 0:00:02]} 15. Nc3 {[%emt 0:00:04]} O-O {[%emt 0:00:04]} 16. Nce4 {[%emt 0:00:04]} Nd4 {[%emt 0:00:03]} (16... a5 $14 {feels stronger.}) 17. a4 {[%emt 0:00:06]} Rae8 {[%emt 0:00:07]} 18. b4 {[%emt 0:00:03]} Nb6 {[%emt 0:00:03][%cal Ob6c4]} 19. Rc1 {[%emt 0:00:03]} Rf7 {[%emt 0:00:02] [#]} (19... Nc8 $16 {keeps fighting.} 20. a5 Nf5) 20. a5 {[%emt 0:00:02]} (20. Bxd4 $1 $18 {and the rest is easy.} exd4 21. Nf6+ Qxf6 22. Rxe8+ Kh7 23. Nf3) 20... Nd7 $16 {[%emt 0:00:02][%cal Bb6d7,Bd7f6,Bf6e8,Be8g7][%mdl 32]} 21. c5 {[%emt 0:00:02]} Bf8 {[%emt 0:00:02][%mdl 8192]} (21... Nb5 $16 22. Qc2 Ref8) 22. cxd6 {[%emt 0:00:02]} (22. c6 $142 bxc6 23. dxc6) 22... Bxd6 {[%emt 0:00:01]} (22... cxd6 {is a better defense.} 23. Rc7 Qd8) 23. g3 $36 {[%emt 0:00:02][%mdl 2048] Black is under strong pressure.} Qh3 {[%emt 0:00:01]} (23... Qd8 24. Qg4 (24. Bxh6 Bxb4 25. Bg5 Qc8 $18) 24... Bxb4) 24. Nxd6 $18 {[%emt 0:00:01]} cxd6 {[%emt 0:00:01]} 25. Bxd4 {[%emt 0:00:01]} Nf6 {[%emt 0:00:03][%cal Oe8f8] [#]} 26. Qc2 $1 {[%emt 0:00:01]} exd4 {[%emt 0:00:01]} (26... Kg7 27. Ne4) 27. Rxe8+ {[%emt 0:00:01]} Nxe8 {[%emt 0:00:01]} 28. Qxg6+ {[%emt 0:00:01]} Ng7 {[%emt 0:00:01]} 29. Re1 {[%emt 0:00:01] Threatening mate with Re8+.} ({But not} 29. Qxd6 Qf5 30. f4 (30. Qxh6 Qxf2+ 31. Kh1 d3 $18) 30... Qd3 $18) 29... Rxf2 {[%emt 0:00:01]} (29... Qf5 $18 30. Re8+ (30. Qxd6 {gets mated.} Qxf2+ 31. Kh1 Qxe1+ 32. Kg2 Qxd2+ 33. Kh3 Qg5 34. Kg2 Qf5 35. Qb8+ Kh7 36. Qf4 Qxd5+ 37. Kf1 Rxf4+ 38. gxf4 d3 39. Kg1 d2 40. h3 d1=Q+ 41. Kh2 Qe2+ 42. Kg3 Nf5#) 30... Rf8 31. Rxf8+ (31. Qxd6 {is a self mate.} Qxf2+ 32. Kh1 Rxe8) 31... Qxf8 32. Qxh6 Qe7) 30. Kxf2 {[%emt 0:00:01]} (30. Re8+ $142 Rf8 31. Re7 Qxh2+ 32. Kxh2 Rf2+ 33. Kg1 Rf1+ 34. Kxf1 Kh8 35. Qxg7#) 30... Qxh2+ {[%emt 0:00:01]} 31. Kf3 {[%emt 0:00:01][%csl Gg6][%cal Re1e8]} Qxd2 {[%emt 0:00:01]} 32. Re7 {[%emt 0:00:01][%csl Ge7][%cal Rg6g7] White mates.} Qc3+ {[%emt 0:00:01]} 33. Kg2 {[%emt 0:00:01][%csl Ge7][%cal Rg6g7]} Qc2+ {[%emt 0:00:01]} 34. Qxc2 {[%emt 0:00:01]} Kh8 {[%emt 0:00:01]} 35. Qg6 {[%emt 0:00:01][%csl Ge7][%cal Rg6g7]} Kg8 {[%emt 0:00:01]} 36. Qxg7# {[%emt 0:00:01] Weighted Error Value: White=0.33/Black=0.84.  Loses game:     	---       	Black=1      Mistake:       	White=4     	Black=6      Inaccurate:     	White=2     	Black=2      OK:         	White=5     	Black=3      Best:        	White=2     	Black=1} 1-0

[Event "Test Tournament"]
[Site "Emanuel Lasker Arena"]
[Date "2024.04.09"]
[Round "2"]
[White "Leuwe"]
[Black "Antonella"]
[Result "1-0"]
[WhiteElo "2285"]
[BlackElo "2040"]
[Annotator "RC"]
[PlyCount "53"]
[EventDate "2024.04.09"]
[EventType "swiss (blitz)"]
[TimeControl "60"]

1. d4 {[%emt 0:00:01]} Nf6 {[%emt 0:00:01]} 2. c4 {[%emt 0:00:01]} e6 {[%emt 0:00:01]} 3. Nc3 {[%emt 0:00:01]} Bb4 {[%emt 0:00:01]} 4. e3 {[%emt 0:00:01]} O-O {[%emt 0:00:01]} 5. Bd3 {[%emt 0:00:01]} c5 {[%emt 0:00:01]} 6. Nf3 {[%emt 0:00:01]} d5 {[%emt 0:00:01]} 7. O-O {[%emt 0:00:01]} Nc6 {[%emt 0:00:01]} 8. a3 {[%emt 0:00:00]} Bxc3 {[%emt 0:00:01]} 9. bxc3 {[%emt 0:00:01]} Qc7 {[%emt 0:00:01]} 10. cxd5 {[%emt 0:00:01]} exd5 {[%emt 0:00:01]} 11. a4 {[%emt 0:00:01]} Bg4 {[%emt 0:00:01]} 12. Ba3 {[%emt 0:00:00]} c4 {[%emt 0:00:04]} 13. Bxf8 {[%emt 0:00:00]} cxd3 {[%emt 0:00:01]} 14. Ba3 {[%emt 0:00:04]} Bf5 {[%emt 0:00:07]} 15. Nd2 {[%emt 0:00:02]} h5 {[%emt 0:00:03]} 16. Qf3 {[%emt 0:00:06]} Be4 {[%emt 0:00:03]} 17. Qf4 {[%emt 0:00:03]} Qa5 {[%emt 0:00:03]} 18. Ra2 {[%emt 0:00:02]} Qxc3 {[%emt 0:00:01]} 19. Rc1 {[%emt 0:00:04]} Qa5 {[%emt 0:00:01]} 20. f3 {[%emt 0:00:03]} Qxa4 {[%emt 0:00:09]} 21. fxe4 {[%emt 0:00:01]} a5 {[%emt 0:00:02]} 22. e5 {[%emt 0:00:02]} Nb4 {[%emt 0:00:02]} 23. Raa1 {[%emt 0:00:01]} Ng4 {[%emt 0:00:02]} 24. Rc7 {[%emt 0:00:03]} Rf8 {[%emt 0:00:01]} 25. h3 {[%emt 0:00:03]} Re8 {[%emt 0:00:06]} 26. Qxf7+ {[%emt 0:00:02]} Kh7 {[%emt 0:00:00]} 27. Qxg7# {[%emt 0:00:01] (Lag: Av=0.06s, max=0.4s)} 1-0

[Event "Test Tournament"]
[Site "Emanuel Lasker Arena"]
[Date "2024.04.02"]
[Round "2"]
[White "Alicia"]
[Black "Leuwe"]
[Result "0-1"]
[WhiteElo "2267"]
[BlackElo "2250"]
[Annotator "RC"]
[PlyCount "58"]
[EventDate "2024.04.02"]
[EventType "swiss (blitz)"]

1. e4 {[%emt 0:00:01]} c6 {[%emt 0:00:01]} 2. d4 {[%emt 0:00:01]} d5 {[%emt 0:00:01]} 3. e5 {[%emt 0:00:01]} Bf5 {[%emt 0:00:01]} 4. g4 {[%emt 0:00:01]} Be4 {[%emt 0:00:01]} 5. f3 {[%emt 0:00:01]} Bg6 {[%emt 0:00:01]} 6. h4 {[%emt 0:00:01]} h5 {[%emt 0:00:01]} 7. Nc3 {[%emt 0:00:02]} e6 {[%emt 0:00:01]} 8. Bg5 {[%emt 0:00:01]} Qb6 {[%emt 0:00:01]} 9. f4 {[%emt 0:00:02]} Qxb2 {[%emt 0:00:01]} 10. Na4 {[%emt 0:00:02]} Qxc2 {[%emt 0:00:01]} 11. f5 {[%emt 0:00:01]} Bb4+ {[%emt 0:00:01]} 12. Bd2 {[%emt 0:00:01]} Qe4+ {[%emt 0:00:01]} 13. Ne2 {[%emt 0:00:01]} Qxh1 {[%emt 0:00:00]} 14. Bxb4 {[%emt 0:00:01]} Qxh4+ {[%emt 0:00:01]} 15. Kd2 {[%emt 0:00:01]} exf5 {[%emt 0:00:00]} 16. Bd6 {[%emt 0:00:02]} fxg4 {[%emt 0:00:01]} 17. Nc5 {[%emt 0:00:02]} Ne7 {[%emt 0:00:01]} 18. a4 {[%emt 0:00:01]} Nf5 {[%emt 0:00:01]} 19. Nxb7 {[%emt 0:00:00]} Qf2 {[%emt 0:00:01]} 20. Qc2 {[%emt 0:00:01]} Qe3+ {[%emt 0:00:01]} 21. Ke1 {[%emt 0:00:01]} Nxd6 {[%emt 0:00:00]} 22. Nxd6+ {[%emt 0:00:01]} Kf8 {[%emt 0:00:01]} 23. Qc5 {[%emt 0:00:02]} Kg8 {[%emt 0:00:01]} 24. a5 {[%emt 0:00:02]} h4 {[%emt 0:00:01]} 25. a6 {[%emt 0:00:02]} Rh5 {[%emt 0:00:01]} 26. Ra3 {[%emt 0:00:02]} Qg5 {[%emt 0:00:01]} 27. Kf2 {[%emt 0:00:01]} Kh7 {[%emt 0:00:01]} 28. Kg1 {[%emt 0:00:02]} Nd7 {[%emt 0:00:03]} 29. Qxc6 {[%emt 0:00:01]} Nb6 {[%emt 0:00:01]} 0-1

[Event "Test Tournament"]
[Site "Emanuel Lasker Arena"]
[Date "2024.04.02"]
[Round "2"]
[White "Leuwe"]
[Black "Thomas Kydd"]
[Result "0-1"]
[WhiteElo "2262"]
[BlackElo "2445"]
[Annotator "RC"]
[PlyCount "88"]
[EventDate "2024.04.02"]
[EventType "swiss (blitz)"]

1. e4 {[%emt 0:00:01]} c5 {[%emt 0:00:01]} 2. Nf3 {[%emt 0:00:01]} d6 {[%emt 0:00:01]} 3. d4 {[%emt 0:00:01]} cxd4 {[%emt 0:00:01]} 4. Nxd4 {[%emt 0:00:01]} Nf6 {[%emt 0:00:01]} 5. Nc3 {[%emt 0:00:01]} a6 {[%emt 0:00:01]} 6. Be3 {[%emt 0:00:01]} e6 {[%emt 0:00:01]} 7. f3 {[%emt 0:00:01]} h5 {[%emt 0:00:01]} 8. Qd2 {[%emt 0:00:01]} Be7 {[%emt 0:00:01]} 9. O-O-O {[%emt 0:00:01]} b5 {[%emt 0:00:01]} 10. Kb1 {[%emt 0:00:01]} Bb7 {[%emt 0:00:01]} 11. Nb3 {[%emt 0:00:01]} Nbd7 {[%emt 0:00:01]} 12. Bd3 {[%emt 0:00:01]} Qc7 {[%emt 0:00:01]} 13. Bd4 {[%emt 0:00:02]} Ne5 {[%emt 0:00:01]} 14. Be2 {[%emt 0:00:01]} Nc4 {[%emt 0:00:05]} 15. Qg5 {[%emt 0:00:02]} Nxe4 {[%emt 0:00:01]} 16. Nxb5 {[%emt 0:00:02]} axb5 {[%emt 0:00:01]} 17. Qxb5+ {[%emt 0:00:01]} Bc6 {[%emt 0:00:01]} 18. Qxc4 {[%emt 0:00:00]} d5 {[%emt 0:00:01]} 19. Qd3 {[%emt 0:00:01]} e5 {[%emt 0:00:01]} 20. fxe4 {[%emt 0:00:01]} exd4 {[%emt 0:00:00]} 21. exd5 {[%emt 0:00:00]} Bxd5 {[%emt 0:00:01]} 22. Qxd4 {[%emt 0:00:01]} Bxb3 {[%emt 0:00:00]} 23. Bb5+ {[%emt 0:00:01]} Kf8 {[%emt 0:00:01]} 24. axb3 {[%emt 0:00:00]} Bf6 {[%emt 0:00:02]} 25. Qc4 {[%emt 0:00:02]} Qe5 {[%emt 0:00:02]} 26. Qb4+ {[%emt 0:00:02]} Kg8 {[%emt 0:00:01]} 27. Qc3 {[%emt 0:00:01]} Qxb5 {[%emt 0:00:01]} 28. Qc4 {[%emt 0:00:02]} Qxc4 {[%emt 0:00:02]} 29. bxc4 {[%emt 0:00:00]} Rh6 {[%emt 0:00:01]} 30. c5 {[%emt 0:00:01]} Rg6 {[%emt 0:00:01]} 31. c6 {[%emt 0:00:02]} Be5 {[%emt 0:00:01]} 32. Rd5 {[%emt 0:00:01]} Bc7 {[%emt 0:00:02]} 33. c3 {[%emt 0:00:01]} Rb8 {[%emt 0:00:01]} 34. Rc1 {[%emt 0:00:01]} Rxc6 {[%emt 0:00:00]} 35. Rxh5 {[%emt 0:00:01]} Rg6 {[%emt 0:00:01]} 36. g3 {[%emt 0:00:01]} Rd8 {[%emt 0:00:01]} 37. b4 {[%emt 0:00:01]} Rd2 {[%emt 0:00:01]} 38. Rc5 {[%emt 0:00:01]} Bd6 {[%emt 0:00:01]} 39. Rc8+ {[%emt 0:00:01]} Kh7 {[%emt 0:00:01]} 40. Rf1 {[%emt 0:00:02]} Re6 {[%emt 0:00:01]} 41. Rc6 {[%emt 0:00:01]} Ree2 {[%emt 0:00:01]} 42. Kc1 {[%emt 0:00:01]} f6 {[%emt 0:00:01]} 43. Rd1 {[%emt 0:00:02]} Ra2 {[%emt 0:00:01]} 44. Rdxd6 {[%emt 0:00:02]} Ra1# {[%emt 0:00:01]} 0-1

[Event "Test Tournament"]
[Site "Emanuel Lasker Arena"]
[Date "2024.04.02"]
[Round "2"]
[White "Swindler"]
[Black "Val Di Sogno"]
[Result "1/2-1/2"]
[WhiteElo "2233"]
[BlackElo "2520"]
[Annotator "RC"]
[PlyCount "102"]
[EventDate "2024.04.02"]
[EventType "swiss (blitz)"]

1. e4 {[%emt 0:00:01]} c5 {[%emt 0:00:01]} 2. Nf3 {[%emt 0:00:01]} d6 {[%emt 0:00:01]} 3. d4 {[%emt 0:00:01]} cxd4 {[%emt 0:00:01]} 4. Nxd4 {[%emt 0:00:01]} Nf6 {[%emt 0:00:01]} 5. Nc3 {[%emt 0:00:01]} a6 {[%emt 0:00:01]} 6. Bg5 {[%emt 0:00:01]} e6 {[%emt 0:00:01]} 7. f4 {[%emt 0:00:01]} Qb6 {[%emt 0:00:01]} 8. Qd2 {[%emt 0:00:01]} Qxb2 {[%emt 0:00:01]} 9. Rb1 {[%emt 0:00:01]} Qa3 {[%emt 0:00:01]} 10. Be2 {[%emt 0:00:02]} Qc5 {[%emt 0:00:02]} 11. Nb3 {[%emt 0:00:02]} Qb6 {[%emt 0:00:02]} 12. e5 {[%emt 0:00:01]} dxe5 {[%emt 0:00:00]} 13. fxe5 {[%emt 0:00:00]} h6 {[%emt 0:00:02]} 14. exf6 {[%emt 0:00:01]} hxg5 {[%emt 0:00:01]} 15. Ne4 {[%emt 0:00:02]} Nc6 {[%emt 0:00:05]} 16. g4 {[%emt 0:00:01]} Rh3 {[%emt 0:00:02]} 17. Nxg5 {[%emt 0:00:00]} Bb4 {[%emt 0:00:01]} 18. c3 {[%emt 0:00:01]} Bxc3 {[%emt 0:00:00]} 19. Nxh3 {[%emt 0:00:01]} Bxd2+ {[%emt 0:00:01]} 20. Nxd2 {[%emt 0:00:00]} Qd4 {[%emt 0:00:01]} 21. fxg7 {[%emt 0:00:01]} Qxg7 {[%emt 0:00:01]} 22. Ne4 {[%emt 0:00:02]} Qe5 {[%emt 0:00:01]} 23. Nhg5 {[%emt 0:00:02]} f6 {[%emt 0:00:01]} 24. O-O {[%emt 0:00:02]} fxg5 {[%emt 0:00:01]} 25. Nf6+ {[%emt 0:00:02]} Ke7 {[%emt 0:00:01]} 26. Rbd1 {[%emt 0:00:02]} Qe3+ {[%emt 0:00:01]} 27. Kh1 {[%emt 0:00:01]} Nd4 {[%emt 0:00:01]} 28. Bc4 {[%emt 0:00:02]} Bd7 {[%emt 0:00:01]} 29. Rde1 {[%emt 0:00:02]} Bc6+ {[%emt 0:00:01]} 30. Bd5 {[%emt 0:00:01]} Qc3 {[%emt 0:00:02]} 31. Bg2 {[%emt 0:00:02]} Bxg2+ {[%emt 0:00:01]} 32. Kxg2 {[%emt 0:00:00]} Qc6+ {[%emt 0:00:01]} 33. Ne4 {[%emt 0:00:01]} Nc2 {[%emt 0:00:01]} 34. Kg3 {[%emt 0:00:03]} Nxe1 {[%emt 0:00:02]} 35. Rxe1 {[%emt 0:00:01]} Qc7+ {[%emt 0:00:01]} 36. Kg2 {[%emt 0:00:01]} Qc2+ {[%emt 0:00:01]} 37. Kg1 {[%emt 0:00:01]} Qxa2 {[%emt 0:00:01]} 38. Nxg5 {[%emt 0:00:01]} Qd5 {[%emt 0:00:01]} 39. Rxe6+ {[%emt 0:00:01]} Kd7 {[%emt 0:00:01]} 40. Rg6 {[%emt 0:00:02]} Qd1+ {[%emt 0:00:01]} 41. Kf2 {[%emt 0:00:01]} Qc2+ {[%emt 0:00:01]} 42. Kg3 {[%emt 0:00:01]} Qxg6 {[%emt 0:00:00]} 43. h3 {[%emt 0:00:02]} Qd3+ {[%emt 0:00:01]} 44. Kh2 {[%emt 0:00:01]} Qe2+ {[%emt 0:00:01]} 45. Kg3 {[%emt 0:00:01]} Qe1+ {[%emt 0:00:01]} 46. Kg2 {[%emt 0:00:01]} Qd2+ {[%emt 0:00:01]} 47. Kg1 {[%emt 0:00:01]} Qe3+ {[%emt 0:00:01]} 48. Kg2 {[%emt 0:00:00]} Qe2+ {[%emt 0:00:01]} 49. Kg1 {[%emt 0:00:01]} Qe3+ {[%emt 0:00:01]} 50. Kh2 {[%emt 0:00:00]} Qe2+ {[%emt 0:00:01]} 51. Kg1 {[%emt 0:00:00]} Qe3+ {[%emt 0:00:01]} 1/2-1/2

[Event "Test Tournament"]
[Site "Emanuel Lasker Arena"]
[Date "2024.04.09"]
[Round "2"]
[White "CarlsenVomFach"]
[Black "Antonella"]
[Result "1-0"]
[WhiteElo "2231"]
[BlackElo "2041"]
[Annotator "RC"]
[PlyCount "87"]
[EventDate "2024.04.09"]
[EventType "swiss (blitz)"]

1. c4 {[%emt 0:00:01]} c5 {[%emt 0:00:01]} 2. Nf3 {[%emt 0:00:01]} Nf6 {[%emt 0:00:01]} 3. Nc3 {[%emt 0:00:01]} d5 {[%emt 0:00:01]} 4. cxd5 {[%emt 0:00:00]} Nxd5 {[%emt 0:00:01]} 5. d4 {[%emt 0:00:01]} e6 {[%emt 0:00:01]} 6. e4 {[%emt 0:00:00]} Nxc3 {[%emt 0:00:01]} 7. bxc3 {[%emt 0:00:01]} cxd4 {[%emt 0:00:01]} 8. cxd4 {[%emt 0:00:01]} Bb4+ {[%emt 0:00:01]} 9. Bd2 {[%emt 0:00:01]} Bxd2+ {[%emt 0:00:01]} 10. Qxd2 {[%emt 0:00:01]} O-O {[%emt 0:00:01]} 11. Be2 {[%emt 0:00:01]} Nc6 {[%emt 0:00:01]} 12. O-O {[%emt 0:00:01]} Qf6 {[%emt 0:00:01]} 13. Rab1 {[%emt 0:00:01]} Rd8 {[%emt 0:00:04]} 14. Rfd1 {[%emt 0:00:04]} Nxd4 {[%emt 0:00:01]} 15. Nxd4 {[%emt 0:00:01]} e5 {[%emt 0:00:05]} 16. Qa5 {[%emt 0:00:06]} b6 {[%emt 0:00:06]} 17. Qa3 {[%emt 0:00:02]} exd4 {[%emt 0:00:01]} 18. Rb4 {[%emt 0:00:02]} Be6 {[%emt 0:00:04]} 19. Qb2 {[%emt 0:00:03]} Rac8 {[%emt 0:00:03]} 20. Rbxd4 {[%emt 0:00:01]} Rxd4 {[%emt 0:00:01]} 21. Rxd4 {[%emt 0:00:00]} Bxa2 {[%emt 0:00:03]} 22. Ba6 {[%emt 0:00:01]} Re8 {[%emt 0:00:02]} 23. Qb5 {[%emt 0:00:01]} Re6 {[%emt 0:00:02]} 24. Qb2 {[%emt 0:00:01]} h5 {[%emt 0:00:02]} 25. Qd2 {[%emt 0:00:01]} Bb3 {[%emt 0:00:02]} 26. f4 {[%emt 0:00:01]} Re8 {[%emt 0:00:02]} 27. e5 {[%emt 0:00:02]} Qh4 {[%emt 0:00:02]} 28. h3 {[%emt 0:00:02]} Qg3 {[%emt 0:00:01]} 29. Rd3 {[%emt 0:00:02]} Rd8 {[%emt 0:00:06]} 30. Rxd8+ {[%emt 0:00:01]} Kh7 {[%emt 0:00:00]} 31. Qd3+ {[%emt 0:00:02]} Qg6 {[%emt 0:00:00]} 32. Qxg6+ {[%emt 0:00:01]} fxg6 {[%emt 0:00:00]} 33. Bd3 {[%emt 0:00:01]} a5 {[%emt 0:00:00]} 34. Rd6 {[%emt 0:00:01]} Bg8 {[%emt 0:00:00]} 35. Bxg6+ {[%emt 0:00:01]} Kh8 {[%emt 0:00:00]} 36. Bxh5 {[%emt 0:00:01]} a4 {[%emt 0:00:00]} 37. Rxb6 {[%emt 0:00:01]} a3 {[%emt 0:00:00]} 38. Ra6 {[%emt 0:00:01]} a2 {[%emt 0:00:00]} 39. Ra8 {[%emt 0:00:01]} Kh7 {[%emt 0:00:00]} 40. Kh2 {[%emt 0:00:01]} Bc4 {[%emt 0:00:00]} 41. Be2 {[%emt 0:00:01]} Bxe2 {[%emt 0:00:00]} 42. Rxa2 {[%emt 0:00:00]} Bc4 {[%emt 0:00:00]} 43. Ra8 {[%emt 0:00:01]} Kg6 {[%emt 0:00:00] '} 44. Rb8 {[%emt 0:00:01] (Lag: Av=0.05s, max=0.1s)} 1-0